US States in Alphabetical Order by Second Letter - Statistics

General Stats
  • This quiz has been taken 41 times
  • The average score is 33 of 50
Answer Stats
tate % Correct
California
97%
Maine
93%
Kansas
90%
Massachusetts
86%
Washington
86%
Georgia
83%
Hawaii
83%
Idaho
83%
Maryland
83%
Nebraska
79%
New York
79%
Delaware
76%
Nevada
76%
New Hampshire
76%
New Mexico
76%
Pennsylvania
76%
Tennessee
76%
New Jersey
72%
Texas
72%
Kentucky
69%
Michigan
69%
Rhode Island
69%
Alabama
66%
Alaska
66%
Minnesota
66%
Mississippi
66%
Vermont
66%
Wyoming
66%
Illinois
62%
Missouri
62%
Florida
59%
West Virginia
59%
Indiana
55%
Ohio
55%
Oklahoma
55%
Virginia
55%
Wisconsin
55%
South Carolina
52%
South Dakota
52%
Arizona
48%
Arkansas
48%
Connecticut
48%
Louisiana
48%
Oregon
48%
Colorado
45%
Montana
45%
North Carolina
45%
North Dakota
45%
Utah
45%
Iowa
38%
No matching quizzes found
Score Distribution
Percent of People with Each Score
Percentile by Number Answered
Your Score History
You have not taken this quiz